| 000 | 00700cam a2200181 a 4500 | ||
|---|---|---|---|
| 020 | _a0419197001 | ||
| 082 | 0 | 4 |
_a620.135 _bFER _cL-21, P-86 |
| 245 | 1 | 0 |
_aFerrocement : _bproceedings of the Fifth International Symposium on Ferrocement, UMIST, Manchester, 6-9 September, 1994 / _cedited by P.J. Nedwell and R.N. Swamy. |
| 250 | _a1st ed. | ||
| 260 |
_aLondon : _bE & FN Spon, _c1994. |
||
| 300 |
_aix, 508 p. : _bill. ; _c24 cm. . |
||
| 526 |
_a0 _b0 _c0 _d620_135000000000000_FER |
||
| 650 | 0 |
_aReinforced concrete _xCongresses. _940998 |
|
| 700 | 1 |
_aNedwell, P. J. _940999 |
|
| 700 | 1 |
_aSwamy, R. N. _941000 |
|
| 856 | 4 | 2 | _uhttp://www.loc.gov/catdir/enhancements/fy0651/94068771-d.html |
| 942 |
_2ddc _cBK |
||
| 999 |
_c545211 _d545211 |
||